| 000 | 00695 a2200193 4500 | ||
|---|---|---|---|
| 020 | _a9810221991 | ||
| 020 | _a9789810221997 | ||
| 082 | _a530.15 | ||
| 090 |
_c1245 _d1245 |
||
| 100 | 1 | _aFaddeev, L. D. | |
| 245 | 1 | 0 |
_a40 years in mathematical physics / _cL. D. Faddeev. |
| 260 |
_a[S.l.] : _bWorld Scientific Pub Co Inc, _c1995. |
||
| 300 |
_a450 p. ; _c27 cm. |
||
| 490 | 1 | _aWorld scientific series in 20th century mathematics. | |
| 700 | _aFaddeev, L. D. | ||
| 830 | 0 | _aWorld scientific series in 20th century mathematics. | |
| 942 |
_aSNS _cBK _k530.15 FAD |
||
| 999 |
_c29858 _d29858 |
||